Dictée de Prosper Mérimée - Statistiques

Statistiques générales
  • Ce quiz a été pris 127 fois
  • Le résultat moyen est 29 sur 41
Statistiques - réponses
Indice Mot % Correct
AMBIGUITE Pour parler sans {ambiguïté},
100%
CRU malgré les vins de très bons {crus}
91%
EFLUVE malgré les {effluves}
86%
CUISSO et les {cuissots} de chevreuil
83%
INFAME il était {infâme} d'en vouloir pour cela à
81%
EXIGU quelque {exiguës} qu'aient pu paraitre
81%
CRU {crue} obliger de frapper
80%
INFLIGER et de leur {infliger}
79%
TOUT il la poursuivit dans l'église {tout} entière
79%
EXIJANT l'{exigeant}
79%
GUEPIE fut un vrai {guêpier}.
78%
QUOIQUE {Quoi qu}'il en soit, c'est bien à tort que
78%
CONTRE SENS {contresens}
75%
ST MARTIN Par {saint Martin} !
75%
RATO un {râteau} et qu'elle s'est
75%
STE ADRESSE ce dîner à {Sainte-Adresse}, près du Havre
74%
EXORBITAN {exorbitant}, s'est laissée entraîner à prendre
74%
GOUPIYON A cet événement, saisissant son {goupillon}
73%
OMOPLATE sur son {omoplate}
73%
RACLE une {raclée}
73%
SONGER alors qu'ils ne {songeaient} qu'à prendre
72%
BRISER deux alvéoles furent {brisés}
72%
CUISSO les {cuisseaux} de veau
70%
DOUERIERE la {douairière} et
69%
DOUERIERE la {douairière} par un
69%
EMORAGIE Quelle {hémorragie} !
69%
AMBAUMER {embaumés} de ler mer,
68%
VIEILLIR {vieillie}
68%
EXCEDANT ridicule {excédent} de bagage,
65%
SENSER qu'étaient {censés} avoir données
64%
BELITRE s'écria ce {bélître}
64%
CORELIGIONERE des rafraîchissements avec leurs {coreligionnaires}
59%
ARE à côté de la somme due, les {arrhes}
58%
S'ACCROITRE et l'imbécilité du malheureux {s'accrut}
57%
FTISI suivie d'une {phtisie}
57%
DISANTERI une {dysenterie} se déclara
57%
MARGUYER le {marguillier}
54%
MARGUYER {marguillier}
54%
AMFITRION prodigués par l'{amphitryon}
54%
FUSILIE ces {fusiliers} jumeaux et mal bâtis
53%
QUEL QUE SOI {Quelles que soient} et
51%
Aucun quiz correspondant
Distribution des résultats
% des personnes avec chaque résultat
Percentile par nombre de réponses
Votre historique - résultats
Vous n’avez pas pris ce quiz